000 00462nam a2200169Ia 4500
008 260520s2026 xx 000 0 und d
020 _a978-81-962992-6-2
041 _amar
082 _a891.463/PUJ
100 _aपुजारी, रा
245 _aवालुग
250 _a1st ed
260 _aकोल्हापुर
_bतेजस प्रकाशन
_c2026
300 _a124p.
500 _aCat No: 15188
650 _aMARATHI FICTION
999 _c1221914
_d1221914